000
00318nam a2200145Ia 4500
100
_a
Liao/Samuel Y
250
_a
3
942
_c
BK
654
_a
microwave
245
_a
Microwave devices and circuits
260
_b
Prentice -Hall
_a
New Delhi
_c
2004
082
_a
621.3813
_b
LIA
300
_a
542
546
_a
ENGLISH
999
_c
19601
_d
19601